Classic Clickable Jokes III Quiz Stats

 Plays Quiz Updated Jul 2, 2018

Challenge
Share
Tweet
Embed
Score 0/30 Timer 10:00
13 Plays Today
% Correct
and those that can't
94.2%
why do you have to buy her friends?
93.9%
laxative on the same night
93.7%
My dog's getting married that weekend.
93.1%
It has a crack in it.
92.7%
ability to reach it
92.5%
Go straight for the juggler.
92.3%
standing in a garage makes you a car
92.3%
I said, “Very little”.
91.8%
until you hear them speak
91.7%
Fortunately, he’s still all right
91.7%
but the best one's Argon.
91.4%
still have most of it
91.3%
Hair & Make-Up department
91.2%
Poker Face
90.8%
% Correct
destroy all evidence that you tried
90.5%
must be very very small
90.5%
I always go out the window
90%
'we don't serve fruit.'
90%
just like everyone else
89.6%
and for the same reason
88.5%
But that all changed when I was born
88.3%
other times I let her sleep
87.2%
Warren
87.1%
It's just how I roll.
86.6%
It's clearly a word
86.6%
But it's still on the list
86.5%
The people who live above me are furious!
85.8%
I enjoy every minute of it
84.6%
I've only got myshelf to blame
82%

You're not logged in!

Compare scores with friends on all Sporcle quizzes.
OR
Log In

You Might Also Like...

Show Comments

Extras

Top Quizzes Today


Score Distribution

Your Account Isn't Verified!

In order to create a playlist on Sporcle, you need to verify the email address you used during registration. Go to your Sporcle Settings to finish the process.

Report this User

Report this user for behavior that violates our Community Guidelines.

Details: